[Event "GER-ch U12"]
[Site "Willingen"]
[Date "2020.10.28"]
[Round "2"]
[White "Bondarcuks, Timurs"]
[Black "Brandstrup, Luca Alexander"]
[Result "0-1"]
[WhiteElo "1198"]
[BlackElo "1575"]
[PlyCount "76"]
[EventDate "2020.10.26"]
[EventType "swiss"]
[EventRounds "7"]
[EventCountry "GER"]
[SourceTitle "CBM 199 Extra"]
[Source "ChessBase"]
[SourceDate "2021.01.31"]
[SourceVersion "1"]
[SourceVersionDate "2021.01.31"]
[SourceQuality "1"]

1. c4 e5 2. Nc3 Nf6 3. g3 d5 4. e3 d4 5. exd4 exd4 6. Nb5 a6 7. Na3 c5 8. d3 Bd6 9. Bg2 0-0 10. Ne2 Nc6 11. 0-0 Bf5 12. Bf4 Rb8 13. Nc2 Ne5 14. Bxe5 Bxe5 15. b4 b6 16. Re1 Qd7 17. Nc3 Bxg3 18. fxg3 dxc3 19. Ne3 cxb4 20. Nxf5 Qxf5 21. Rf1 Qc5+ 22. Kh1 Rbd8 23. Rf3 Ng4 24. Qf1 Ne3 25. Qe2 Nxg2 26. Qxg2 Qd4 27. Re1 Rfe8 28. Ref1 f6 29. Qh3 Re3 30. Rf5 Qxd3 31. Rd5 Rxd5 32. cxd5 Qxd5+ 33. Qg2 Qxg2+ 34. Kxg2 Re2+ 35. Kh3 Rxa2 36. Re1 Kf7 37. Rd1 Rd2 38. Rc1 c2 0-1

[Event "GER-ch U12"]
[Site "Willingen"]
[Date "2020.10.28"]
[Round "3"]
[White "Schwarz, David"]
[Black "Bondarcuks, Timurs"]
[Result "1-0"]
[WhiteElo "1200"]
[BlackElo "1198"]
[PlyCount "37"]
[EventDate "2020.10.26"]
[EventType "swiss"]
[EventRounds "7"]
[EventCountry "GER"]
[SourceTitle "CBM 199 Extra"]
[Source "ChessBase"]
[SourceDate "2021.01.31"]
[SourceVersion "1"]
[SourceVersionDate "2021.01.31"]
[SourceQuality "1"]

1. e4 e5 2. Nf3 Nc6 3. Bb5 a6 4. Ba4 Nf6 5. 0-0 Bc5 6. Nxe5 Bxf2+ 7. Rxf2 Nxe5 8. d4 Neg4 9. Rf1 b5 10. Bb3 d6 11. Nc3 0-0 12. h3 Nh6 13. Bg5 Qd7 14. Bxf6 gxf6 15. Qh5 Kg7 16. Rf3 Ng8 17. Nd5 Bb7 18. Nxf6 Qe7 19. Qxh7# 1-0

[Event "GER-ch U12"]
[Site "Willingen"]
[Date "2020.10.27"]
[Round "1"]
[White "Grabs, Peter"]
[Black "Bondarcuks, Timurs"]
[Result "1-0"]
[WhiteElo "1674"]
[BlackElo "1198"]
[PlyCount "77"]
[EventDate "2020.10.26"]
[EventType "swiss"]
[EventRounds "7"]
[EventCountry "GER"]
[SourceTitle "CBM 199 Extra"]
[Source "ChessBase"]
[SourceDate "2021.01.31"]
[SourceVersion "1"]
[SourceVersionDate "2021.01.31"]
[SourceQuality "1"]

1. e4 e5 2. Nf3 Nc6 3. Bb5 a6 4. Bxc6 dxc6 5. Nc3 f6 6. d4 Bg4 7. dxe5 Qxd1+ 8. Kxd1 Bxf3+ 9. gxf3 0-0-0+ 10. Ke2 fxe5 11. Be3 Nf6 12. Rad1 Bb4 13. Na4 b6 14. a3 Be7 15. b4 Kb7 16. Nb2 b5 17. Nd3 Nd7 18. Rhg1 g6 19. Bg5 Bxg5 20. Rxg5 Rhe8 21. Rd2 Nb6 22. Rxe5 Nc4 23. Rxe8 Rxe8 24. Nc5+ Ka7 25. Rd7 Kb6 26. a4 bxa4 27. Nxa4+ Kb5 28. Nc5 a5 29. c3 axb4 30. cxb4 Kxb4 31. Na6+ Kc3 32. Rxc7 Rd8 33. Rxc6 Rd2+ 34. Kf1 Rd3 35. Kg2 Kd4 36. Rc7 Ne5 37. f4 Nf3 38. Rd7+ Kxe4 39. Nc5+ 1-0